Online Public Access Catalogue

Brief Guide to Practical Enzyme Diagnosis (Record no. 705)

MARC details
000 -LEADER
fixed length control field 00353nam a2200133Ia 4500
082 ## - DEWEY DECIMAL CLASSIFICATION NUMBER
Classification number QW 525.5
Author Mark ELL
100 ## - MAIN ENTRY--PERSONAL NAME
Author Name Ellen.
245 #0 - TITLE STATEMENT
Title Brief Guide to Practical Enzyme Diagnosis
Statement of responsibility, etc. Ellen.
260 ## - PUBLICATION, DISTRIBUTION, ETC.
Place of publication, distribution, etc. _
Name of publisher, distributor, etc. _
Date of publication, distribution, etc. 1976
300 ## - PHYSICAL DESCRIPTION
No of Pages 75
650 ## - SUBJECT ADDED ENTRY--TOPICAL TERM
Subject Enzyme techniques. Diagnostic techniques enzyme.
942 ## - ADDED ENTRY ELEMENTS (KOHA)
Koha item type Books
952 ## - LOCATION AND ITEM INFORMATION (KOHA)
-- 2018-03-16
Holdings
Withdrawn status Lost status Damaged status Not for loan Home library Current library Shelving location Date acquired Total Checkouts Full call number Barcode Date last seen Koha item type
        Islamabad Medical and Dental College Islamabad Medical and Dental College Islamabad Medical and Dental College 16/03/2018   QW 525.5 769 16/03/2018 Books

Copyright @ IMDC Library
Islamabad Medical and Dental College
Bhara Kahu, Islamabad

  Contact the Librarian, IMDC
  Email:: library@imdcollege.edu.pk

  OPAC Customized by
  Mazhar Hussain,
  Librarian:
  Islamabad Medical and Dental College
  Email:: library@imdcollege.edu.pk